Sports Quiz

Random Sports or NFL Quiz

Last 3+ Receiving Touchdown Game Quiz Stats

 Plays Quiz not verified by Sporcle

Score 0/31 Timer 06:00
0 Plays Today
Team Player % Correct
Cincinnati BengalsChad Ochocinco
98.7%
Detroit LionsCalvin Johnson
98%
Carolina PanthersSteve Smith
97.7%
New England PatriotsRandy Moss
97.7%
Washington RedskinsSantana Moss
97.6%
Jacksonville JaguarsJimmy Smith
97.5%
Arizona CardinalsAnquan Boldin
97.4%
Baltimore RavensAnquan Boldin
97.4%
Pittsburgh SteelersHines Ward
91.3%
Indianapolis ColtsDallas Clark
90.7%
St. Louis RamsTorry Holt
90%
Dallas CowboysTerrell Owens
88.5%
New Orleans SaintsMarques Colston
85.1%
Cleveland BrownsBraylon Edwards
84.9%
San Diego ChargersAntonio Gates
82.4%
New York GiantsHakeem Nicks
82.1%
Team Player % Correct
Buffalo BillsLee Evans
82%
San Francisco 49ersVernon Davis
80.5%
Kansas City ChiefsTony Gonzalez
79.3%
Tennessee TitansKenny Britt
78.8%
Chicago BearsGreg Olsen
59.7%
New York JetsLaveranues Coles
56.1%
Miami DolphinsChris Chambers
52.1%
Atlanta FalconsAlge Crumpler
46.9%
Denver BroncosShannon Sharpe
46.7%
Green Bay PackersJavon Walker
46.7%
Philadelphia EaglesKevin Curtis
32.3%
Oakland RaidersJerry Porter
28%
Seattle SeahawksJoey Galloway
25.2%
Minnesota VikingsMarcus Robinson
17.8%
Tampa Bay BuccaneersJimmie Giles
3%

You're not logged in!

Compare scores with friends on all Sporcle quizzes.
OR
Log In

Sporcle TV

Today on Sporcle TV


Watch our educational content, quiz creation guides, and fun videos on Sporcle TV.

Show Comments

Extras

Top Quizzes Today


Score Distribution

Your Account Isn't Verified!

In order to create a playlist on Sporcle, you need to verify the email address you used during registration. Go to your Sporcle Settings to finish the process.

Report this User

Report this user for behavior that violates our Community Guidelines.

Details: